[Event "Berliner Einzelmeisterschaft 2022"]
[Site "Berlin"]
[Date "2022.04.23"]
[Round "9.6"]
[White "Niehaus, Frank"]
[Black "Hesse, Henrik"]
[Result "1/2-1/2"]
[WhiteElo "2045"]
[BlackElo "2191"]
[Annotator "TheRocket"]
[PlyCount "161"]
[EventDate "2022.??.??"]
[EventCountry "GER"]
[SourceTitle "SV Mattnetz Berlin e.V."]
[SourceDate "2022.04.23"]
[SourceVersion "1"]
[SourceVersionDate "2022.04.23"]
[SourceQuality "1"]

{[%evp 0,59,29,-23,-17,-17,-1,-8,2,-19,-17,-18,-18,-7,-5,-2,-6,2,-3,4,7,2,2,3,
21,-24,-31,-33,-24,-27,36,29,29,31,24,21,30,19,25,22,21,15,8,12,29,-7,-16,-10,
-1,-17,-10,-47,-27,-39,-15,-12,0,0,0,-44,0,0]} 1. f4 {[%emt 0:00:11]} d5 {
[%emt 0:01:31]} 2. Nf3 {[%emt 0:00:07]} c5 {[%emt 0:00:52]} 3. e3 {[%emt 0:00:
16]} Nc6 {[%emt 0:00:35]} 4. Bb5 {[%emt 0:00:39]} Bd7 {[%emt 0:08:04]} 5. b3 {
[%emt 0:01:27]} Nf6 {[%emt 0:01:28]} 6. Bb2 {[%emt 0:00:05]} e6 {[%emt 0:00:23]
} 7. O-O {[%emt 0:00:35]} Bd6 {[%emt 0:02:07]} 8. Bxc6 {[%emt 0:03:59]} Bxc6 {
[%emt 0:00:23]} 9. Ne5 {[%emt 0:01:21]} Rc8 {[%emt 0:04:34]} 10. d3 {[%emt 0:
00:58]} O-O {[%emt 0:01:37]} 11. Nd2 {[%emt 0:01:20]} Nd7 {[%emt 0:13:24]} 12.
Qg4 $11 {[%emt 0:06:12]} (12. Nxc6 {was preferrable.} Rxc6 13. c4 (13. Qg4 Nf6
$11)) 12... Nxe5 {[%emt 0:11:31]} 13. Bxe5 {[%emt 0:00:24]} Bxe5 {[%emt 0:01:
09]} 14. fxe5 {[%emt 0:00:06]} f5 {[%emt 0:12:41]} 15. exf6 {[%emt 0:01:00]}
Rxf6 {[%emt 0:00:05]} 16. Rxf6 {[%emt 0:03:04]} Qxf6 {[%emt 0:00:06]} 17. Rf1 {
[%emt 0:00:07]} Qe5 {[%emt 0:09:22]} 18. Qf4 {[%emt 0:06:34]} Qxf4 {[%emt 0:03:
34]} 19. exf4 {[%emt 0:00:08]} d4 {[%emt 0:01:18]} 20. Nc4 {[%emt 0:00:38]} Bd5
{[%emt 0:00:36]} 21. Ne5 {[%emt 0:01:45]} b5 {[%emt 0:00:25]} 22. Rc1 {[%emt 0:
08:21]} c4 {[%emt 0:11:22]} 23. dxc4 {[%emt 1:02:43]} bxc4 {[%emt 0:14:53]} 24.
bxc4 {[%emt 0:00:00]} Bxc4 {[%emt 0:00:00]} 25. Rd1 {[%emt 0:00:00]} Bd5 {
[%emt 0:00:00]} 26. Rd2 {[%emt 0:00:00]} h6 {[%emt 0:00:00]} 27. a4 {[%emt 0:
00:00]} a5 {[%emt 0:00:00]} 28. Kf1 {[%emt 0:00:00]} Rc3 {[%emt 0:00:00]} 29.
Kg1 {[%emt 0:00:00]} Ra3 {[%emt 0:02:05]} 30. Rxd4 {[%emt 0:00:00]} Ra1+ {
[%emt 0:00:01]} 31. Kf2 {[%emt 0:00:00]} Ra2 {[%emt 0:00:02]} 32. g4 {[%emt 0:
00:00]} Rxc2+ {[%emt 0:00:05]} 33. Kg3 {[%emt 0:00:00]} Rg2+ {[%emt 0:00:45]}
34. Kh3 {[%emt 0:00:00]} Ra2 {[%emt 0:00:31]} 35. Kg3 {[%emt 0:00:00]} Kf8 {
[%emt 0:01:04]} 36. h4 {[%emt 0:00:00]} Ra3+ {[%emt 0:00:41]} 37. Kh2 {[%emt 0:
00:00]} Ke7 {[%emt 0:00:16]} 38. g5 {[%emt 0:00:00]} Rb3 {[%emt 0:00:23]} 39.
Nd3 {[%emt 0:00:00]} Kd6 {[%emt 0:00:59]} 40. Kg1 {[%emt 0:00:00]} Rc3 {
[%emt 0:00:20]} 41. Kf2 {[%emt 0:21:54]} Rc2+ {[%emt 0:04:37]} 42. Ke3 {
[%emt 0:00:00]} h5 {[%emt 0:00:50]} 43. Ne5 {[%emt 0:00:00]} Rh2 {[%emt 0:01:
47]} 44. Rd1 {[%emt 0:00:00]} Rxh4 {[%emt 0:03:12]} 45. Nd3 {[%emt 0:00:00]}
Rh3+ {[%emt 0:02:32]} 46. Kd4 {[%emt 0:00:00]} Rf3 {[%emt 0:01:23]} 47. Rb1 {
[%emt 0:00:00]} h4 {[%emt 0:01:23]} 48. Rb8 {[%emt 0:00:00]} h3 {[%emt 0:00:55]
} 49. Rh8 {[%emt 0:00:00]} Bc6 {[%emt 0:01:06]} 50. Rh4 {[%emt 0:00:00]} Bd5 {
[%emt 0:04:35]} 51. Rh8 {[%emt 0:00:00]} Rg3 {[%emt 0:03:33]} 52. Rh4 {[%emt 0:
00:44]} Bg2 {[%emt 0:04:43]} 53. Rh7 {[%emt 0:03:34]} Rf3 {[%emt 0:02:11]} 54.
Rh4 {[%emt 0:01:21]} Rf1 {[%emt 0:00:20]} 55. Rh8 {[%emt 0:04:43]} Ra1 {
[%emt 0:00:22]} 56. Nb2 {[%emt 0:03:09]} Ra2 {[%emt 0:00:35]} 57. Nc4+ {
[%emt 0:00:06]} Ke7 {[%emt 0:00:38]} 58. Kc5 {[%emt 0:04:02]} Rxa4 {[%emt 0:00:
22]} 59. Kb5 {[%emt 0:00:31]} Rb4+ {[%emt 0:03:24]} 60. Kc5 {[%emt 0:00:09]}
Rxc4+ {[%emt 0:01:22]} 61. Kxc4 {[%emt 0:00:05]} a4 {[%emt 0:00:09]} 62. Kb4 {
[%emt 0:00:11]} Kf7 {[%emt 0:00:14]} 63. Kxa4 {[%emt 0:00:05]} Kg6 {[%emt 0:00:
08]} 64. Kb4 {[%emt 0:01:03]} Kf5 {[%emt 0:00:06]} 65. Rh4 {[%emt 0:00:13]} Ke4
{[%emt 0:00:32]} 66. Kc5 {[%emt 0:00:46]} e5 {[%emt 0:01:52]} 67. fxe5+ {
[%emt 0:00:46]} Kxe5 {[%emt 0:00:01]} 68. g6 {[%emt 0:02:20]} Bf1 {[%emt 0:01:
47]} 69. Kc6 {[%emt 0:01:13]} Kf5 {[%emt 0:00:30]} 70. Kd5 {[%emt 0:00:45]} Kg5
{[%emt 0:01:09]} 71. Rh8 {[%emt 0:00:13]} Bg2+ {[%emt 0:00:00]} 72. Ke5 {
[%emt 0:00:55]} Bf1 {[%emt 0:00:24]} 73. Ke4 {[%emt 0:02:44]} Kg4 {[%emt 0:00:
23]} 74. Rh7 {[%emt 0:01:56]} Kg3 {[%emt 0:00:11]} 75. Ke5 {[%emt 0:01:25]} h2
{[%emt 0:00:57]} 76. Rxh2 {[%emt 0:00:20]} Kxh2 {[%emt 0:00:08]} 77. Ke6 {
[%emt 0:00:05]} Bc4+ {[%emt 0:00:37]} 78. Ke7 {[%emt 0:00:05]} Kg3 {[%emt 0:00:
33]} 79. Kf8 {[%emt 0:00:06]} Bd3 {[%emt 0:00:05]} 80. Kxg7 {[%emt 0:00:06]}
Bxg6 {[%emt 0:00:05]} 81. Kxg6 {[%emt 0:00:04]} 1/2-1/2

[Event "Berliner Einzelmeisterschaft 2022"]
[Site "Berlin"]
[Date "2022.04.23"]
[Round "9.7"]
[White "Piz, Maxim"]
[Black "Meyer-Dunker, Paul"]
[Result "0-1"]
[WhiteElo "2143"]
[BlackElo "2082"]
[Annotator "TheRocket"]
[PlyCount "56"]
[EventDate "2022.??.??"]
[EventCountry "GER"]
[SourceTitle "SV Mattnetz Berlin e.V."]
[SourceDate "2022.04.23"]
[SourceVersion "1"]
[SourceVersionDate "2022.04.23"]
[SourceQuality "1"]

{[%evp 0,56,27,0,10,10,10,17,74,59,41,37,36,7,13,7,63,-9,39,-12,2,-4,-14,-29,
-24,-34,-21,-17,-20,-18,-18,-21,-10,-197,-199,-193,-188,-443,-416,-437,-416,
-417,-229,-326,-438,-371,-427,-403,-667,-681,-670,-690,-394,-29991,-29992,
-29993,-29994,-29995,-29994]} 1. c4 {[%emt 0:00:04]} e6 {[%emt 0:00:01]} 2. d4
{[%emt 0:00:07]} d5 {[%emt 0:00:01]} 3. Nc3 {[%emt 0:00:09]} dxc4 {[%emt 0:00:
02]} 4. e3 {[%emt 0:00:25]} a6 {[%emt 0:00:07]} 5. Bxc4 {[%emt 0:00:35]} Nf6 {
[%emt 0:00:01]} 6. Nge2 {[%emt 0:00:51]} c5 {[%emt 0:02:43]} 7. a4 {[%emt 0:01:
33]} b6 {[%emt 0:01:11]} 8. e4 {[%emt 0:01:54]} Bb7 {[%emt 0:04:44]} 9. f3 {
[%emt 0:03:02]} Nbd7 {[%emt 0:06:59]} 10. Be3 {[%emt 0:02:31]} cxd4 {[%emt 0:
03:52]} 11. Nxd4 {[%emt 0:01:20]} Bc5 {[%emt 1:16:19] [#]} (11... Qc7 $11 12.
Qe2 Bc5) 12. O-O {[%emt 0:01:31]} (12. Bxe6 $1 $14 {is more appropriate.} fxe6
13. Nxe6) 12... O-O {[%emt 0:00:00]} 13. Qd2 {[%emt 0:09:15]} Qc7 {[%emt 0:00:
00]} 14. Bb3 {[%emt 0:00:44]} Rfd8 {[%emt 0:00:00]} 15. Qf2 {[%emt 0:02:11]}
Ne5 {[%emt 0:00:00]} 16. Rfd1 {[%emt 0:01:19]} Neg4 {[%emt 0:00:00]} 17. fxg4 {
[%emt 0:00:08]} Nxg4 {[%emt 0:00:00]} 18. Qf3 $19 {[%emt 0:04:56]} (18. Qf4 {
nothing else works.} Qxf4 19. Bxf4) 18... Qxh2+ {[%emt 0:00:00]} 19. Kf1 {
[%emt 0:00:01]} Nxe3+ {[%emt 0:00:00]} 20. Qxe3 {[%emt 0:00:02]} e5 {[%emt 0:
00:00]} 21. Qf3 {[%emt 0:03:06]} exd4 {[%emt 0:00:00]} 22. Nd5 {[%emt 0:00:10]}
d3 {[%emt 0:00:00]} 23. Ke1 {[%emt 0:01:52]} Bxd5 {[%emt 0:00:00]} 24. Bxd5 {
[%emt 0:00:29]} Rxd5 {[%emt 0:00:00]} 25. exd5 {[%emt 0:00:13]} Qh6 {[%emt 0:
00:00]} 26. Qh3 {[%emt 0:05:44]} Re8+ {[%emt 0:00:00]} 27. Kf1 {[%emt 0:00:04]}
Qf4+ {[%emt 0:00:00]} 28. Qf3 {[%emt 0:00:11]} Qh2 {[%emt 0:00:00]} 0-1

[Event "Berliner Einzelmeisterschaft 2022"]
[Site "Berlin"]
[Date "2022.04.23"]
[Round "9.8"]
[White "Brustkern, Juergen"]
[Black "Roehr, Oliver"]
[Result "0-1"]
[WhiteElo "2226"]
[BlackElo "2100"]
[Annotator "TheRocket"]
[PlyCount "48"]
[EventDate "2022.??.??"]
[EventCountry "GER"]
[SourceTitle "SV Mattnetz Berlin e.V."]
[SourceDate "2022.04.23"]
[SourceVersion "1"]
[SourceVersionDate "2022.04.23"]
[SourceQuality "1"]

{[%evp 0,43,20,-23,44,40,42,34,42,37,29,13,25,-3,-25,-4,-4,-6,11,24,20,-66,-90,
-162,-181,-164,-148,-192,-192,-184,-184,-188,-184,-184,-182,-183,-155,-178,
-194,-194,-126,-177,-180,-176,-199,-207]} 1. c4 {[%emt 0:00:18]} f5 {[%emt 0:
00:04]} 2. d4 {[%emt 0:00:58]} Nf6 {[%emt 0:00:03]} 3. Nc3 {[%emt 0:00:17]} d6
{[%emt 0:00:04]} 4. Bg5 {[%emt 0:00:28]} Nbd7 {[%emt 0:00:24]} 5. Qc2 {[%emt 0:
00:38]} g6 {[%emt 0:03:22]} 6. Nh3 {[%emt 0:01:12]} e5 {[%emt 0:09:04]} 7. dxe5
{[%emt 0:04:40]} dxe5 {[%emt 0:02:09]} 8. O-O-O {[%emt 0:00:19]} h6 $1 {
[%emt 0:08:16]} 9. Bh4 {[%emt 0:05:40]} ({Better is} 9. Bd2) 9... Bg7 {[%emt 0:
10:40]} ({Better is} 9... g5 $1 $15 10. f4 exf4 11. Qxf5 Qe7 12. Qg6+ Qf7 13.
Qxf7+ Kxf7) 10. e4 {[%emt 0:06:38]} (10. f3 $14) 10... g5 {[%emt 0:04:05] [#]}
11. f4 $2 {[%emt 0:01:31]} gxh4 {[%emt 0:10:33]} 12. fxe5 {[%emt 0:00:10]} Nxe4
$19 {[%emt 0:00:17]} 13. Nxe4 {[%emt 0:00:05]} fxe4 {[%emt 0:07:23]} 14. e6 {
[%emt 0:00:13]} Qe7 {[%emt 0:01:28]} 15. exd7+ {[%emt 0:01:48]} Bxd7 {[%emt 0:
00:02]} 16. Nf4 {[%emt 0:03:57]} O-O-O {[%emt 0:02:11]} 17. g3 {[%emt 0:06:05]}
Kb8 {[%emt 0:11:47]} 18. Bg2 {[%emt 0:01:02]} Rhe8 {[%emt 0:05:57]} 19. Rhe1 {
[%emt 0:04:23]} e3 {[%emt 0:01:10]} 20. Qb3 {[%emt 0:01:02]} Bc8 {[%emt 0:02:
15]} 21. Rxd8 {[%emt 0:01:44]} Qxd8 {[%emt 0:00:16]} 22. Rxe3 {[%emt 0:00:22]}
Bxb2+ {[%emt 0:03:10]} 23. Kb1 {[%emt 0:00:35]} Qd2 {[%emt 0:01:23]} 24. Rxe8 {
[%emt 0:03:43]} Qc1# {[%emt 0:00:19]} 0-1